1455 1740 1808 1682 1059 1863 1008 1507 1660 1377 1489 1066 1510 1095 1840 1304 1590 1498 1443 1073 1712 1737 1582 1647 1981 1761 1534 1241 1824 1227 1010 1959 1575 1999 1636 1520 1008 1068 1502 1832 1739 1952 1420 1318 1528 1907 1076 1138 1321 1669 1208 1304 1445 1808 1088 1429 1232 1100 1573 1897 1964 1639 1668 1691 1914 1946 1548 1339 1623 1941 1787 1538 1750 1672 1057 1422 1371 1061 1838 1028 1112 1873 1223 1654 1359 1557 1964 1166 1734 1034 1407 1813 1518 1818 1628 1106 1820 1400 1191 BCNSPRNW ULIB Ver.6.0+V

เปลี่ยนเป็นภาษาไทย

Change to English
 แสดงรายละเอียดบรรณานุกรม
  กลับหน้าหลัก

Brief Record : Get Marc (ISO 2709) : E-mail record : QR code < ปิดหน้าต่าง
LEADER : 00000nam 2200000uu 4500
001    13399114054
003     ULIB
008    110627s||||||||th 000 0 tha d
020    9789749899236
090    นว.^bย731ค 2550
100 0  โยโคมิโซะ เซซิ
245 00 คินดะอิจิยอดนักสืบ ตอนที่ 2 หมู่บ้านแปดหลุมศพ/^cโยโคมิโซะ เซซิ
250    พิมพ์ครั้งที่ 9
260    กรุงเทพฯ :^bBLISS publishing,^c2553
300    488 หน้า
710 1  BLISS publishing
945    ^p235^l0^i022057
995    ทศพร
999 ^a ใช้งานได้ทุกระบบ
รายการนี้ยังไม่มีแท็ก
คุณยังไม่ได้ล็อกอิน คุณสามารถมีกิจกรรมร่วมกับเว็บไซต์ได้ แต่ต้องล็อกอินก่อน ::
  ล็อกอิน

รายการสื่อสารสนเทศ

ลำดับที่ ประเภท เลขเรียก/บาร์โค้ด สถานที่ สถานะ
1. นวนิยาย
นวนิยาย
นว. ย731ค 2550 ฉ.1 
  Barcode: 022057
ห้องสมุดวิทยาเขตสวรรค์ประชารักษ์
►นวนิยาย
บนชั้น
  ขอยืม

รายการใกล้เคียง
    ผู้แต่ง [โยโคมิโซะ เซซิ]

BibComment


ยังไม่เคยถูกคอมเมนท์

คอมเมนท์ทรัพยากรรายการนี้
  คอมเมนท์: คินดะอิจิยอดนักสื..


 Copyright 2026. Bcnsprnw @Library